000 00358nam a2200145 i 4500
001 bg
100 1 _aJARZĘBOWSKI, Witold
245 0 _aNowoczesne biuro :
_borganizacja i technika /
_cWitold Jarzębowski.
250 _aWyd.2.
260 _aWarszawa,
_c1974.
040 _cBPK
041 _apol
942 _cKS
008 s pl f |000 0 pol
999 _c26372
_d26372
856 _uhttp://koha.tu.koszalin.pl/cgi-bin/koha/opac-detail.pl?biblionumber=26372
_yKatalog online BPK